| 000 | 00985nam a22002537a 4500 | ||
|---|---|---|---|
| 001 | 2356 | ||
| 003 | DO-SdBNP | ||
| 005 | 20180315104938.0 | ||
| 007 | 2356 | ||
| 008 | 160509b 2013 dr ||||| |||| 00| 0 spa d | ||
| 040 |
_aBPMSU _bspa _cBPMSU |
||
| 245 |
_aMódulo I : _bprimer ciclo de educación básica de personas jóvenes y adultas / _cproducción Nicolás Guevara ; coordinación Mirían Camilo Recio ; ilustración Ramón L. Sandoval, Víctor Nolasco |
||
| 260 |
_aSanto Domingo : _bMinisterio de Educación _c2013 |
||
| 300 |
_a160 p. : _bil. ; _c29 cm. |
||
| 500 | _aContiene la guía metodológica para docentes y / o facilitadores | ||
| 505 |
_aMódulo I : _tSoy persona |
||
| 700 | _aGuevara, Nicolás | ||
| 700 |
_a Sandoval, Ramón L. _eil. |
||
| 700 |
_aNolasco, Víctor _eil. |
||
| 710 |
_aRepública Dominicana _bMinisterio de Educación |
||
| 942 |
_2ddc _cBK |
||
| 945 | _aRemanejado para la BNPHU / 2018 VM | ||
| 956 |
_2VMATEO _310 _620160509 _8BPMSU _a0069 |
||
| 999 |
_c10040 _d10040 |
||